| 000 | 01082nam a2200265 a 4500 | ||
|---|---|---|---|
| 001 | 80339 | ||
| 003 | BD-RjUL | ||
| 005 | 20230418122435.0 | ||
| 008 | 220913s2000 bg a|||| m||| 00| 0 eng d | ||
| 035 | _a(BD-RjUL)80339 | ||
| 040 |
_aBD-RjUL _beng _cBD-RjUL _dBD-RjUL |
||
| 041 | _aeng | ||
| 082 |
_223 _a667.3 _bSAS 2000 |
||
| 100 |
_aSALAM, MD. ABDUS _94745 |
||
| 245 |
_aStudies on Modification of Cotton-Jute Blended Fabric and its Dyeing Characteristics / _cBy Md. Abdus Salam _6Supervisors : Faisul Islam Farouqui & Ibrahim Hossain Mondal |
||
| 260 |
_aRajshahi : _bDepartment of Applied Chemistry, University of Rajshahi _c2000 |
||
| 300 |
_a[5], iv, [20], 289 leaves : _bill.; _c29 cm. |
||
| 502 | _aThesis(Ph.D.)-- Department of Applied Chemistry,University of Rajshahi,2000 | ||
| 504 | _aReference : Leaves 277-289 | ||
| 650 |
_aDyeing and printing _xCotton-Jute _94746 |
||
| 650 |
_aDyeing and printing _xRelated technologies _94747 |
||
| 700 |
_aFarouqui, Faisul Islam, Supervisors _94748 |
||
| 700 |
_aMondal, Ibrahim Hossain, Supervisors _94749 |
||
| 942 |
_2ddc _cTHE |
||
| 999 |
_c80339 _d80339 |
||